Neformálne a spontánne pozadie tvorby stratégie

Formálne verzus neformálne prístupy a metódy v strategickom manažmente. Výsledky prieskumu o implicitných prístupoch a metódach v strategickom manažmente v podnikoch na Slovensku.

Salvato in:
Dettagli Bibliografici
Autore principale: Slávik, Štefan, 1955-
Natura: Capitolo di libro
Lingua:slovacco
Soggetti:
Tags: Aggiungi Tag
Nessun Tag, puoi essere il primo ad aggiungerne!!

MARC

LEADER 00000naa a2200000 4500
001 0125067
005 20240502072425.2
041 0 |a slo 
044 |a SK 
245 1 0 |a Neformálne a spontánne pozadie tvorby stratégie  |c Štefan Slávik 
520 |a Formálne verzus neformálne prístupy a metódy v strategickom manažmente. Výsledky prieskumu o implicitných prístupoch a metódach v strategickom manažmente v podnikoch na Slovensku. 
610 2 0 |a riadenie strategické 
610 2 0 |a manažment strategický 
610 2 0 |a riadenie vrcholové 
610 2 0 |a stratégia podniková 
610 2 0 |a plánovanie strategické 
610 2 0 |a výskum ekonomický 
100 1 |a Slávik, Štefan, 1955-